Maximising the impact of knowledge for innovation in gaining competitive advantage (Record no. 107072)

MARC details
000 -LEADER
fixed length control field 01099cam a22002175a 4500
001 - CONTROL NUMBER
control field L138239
008 - FIXED-LENGTH DATA ELEMENTS--GENERAL INFORMATION
fixed length control field 070523e2006 xxk f 100 0 eng d
035 ## - SYSTEM CONTROL NUMBER
System control number (Sirsi) u138239
041 0# - LANGUAGE CODE
Language code of text/sound track or separate title eng
100 1# - MAIN ENTRY--PERSONAL NAME
Personal name Train, A.
245 00 - TITLE STATEMENT
Title Maximising the impact of knowledge for innovation in gaining competitive advantage
Medium [electronic resource]
260 ## - PUBLICATION, DISTRIBUTION, ETC.
Date of publication, distribution, etc. 2006
490 #0 - SERIES STATEMENT
Series statement COBRA
Volume/sequential designation 2006
520 ## - SUMMARY, ETC.
Summary, etc. Discusses the relationship between the tacit and explicit knowledge in facilitating the use of knowledge and innovation as a means of gaining competitive advantage. Discusses how the implicit nature of tacit knowledge makes it difficult to harness and exploit for organisational benefits.
651 #4 - SUBJECT ADDED ENTRY--GEOGRAPHIC NAME
Geographic name International
690 ## - LOCAL SUBJECT ADDED ENTRY--TOPICAL TERM (OCLC, RLIN)
Topical term or geographic name as entry element MANAGEMENT-BUSINESS MANAGEMENT-INFORMATION MANAGEMENT-KNOWLEDGE MANAGEMENT
700 1# - ADDED ENTRY--PERSONAL NAME
Personal name Egbu, C.
711 2# - ADDED ENTRY--MEETING NAME
Meeting name or jurisdiction name as entry element Construction and Building Research Conference
Location of meeting University College London, London
Date of meeting or treaty signing 7-8 September 2006
856 40 - ELECTRONIC LOCATION AND ACCESS
Uniform Resource Identifier <a href="https://www.rics.org/site/scripts/download_info.aspx?downloadID=2919">https://www.rics.org/site/scripts/download_info.aspx?downloadID=2919</a>
Public note View the item free of charge at www.rics.org...
942 ## - ADDED ENTRY ELEMENTS (KOHA)
Suppress in OPAC 0
Holdings
Withdrawn status Lost status Source of classification or shelving scheme Damaged status Not for loan Home library Current library Shelving location Date acquired Total Checkouts Full call number Barcode Date last seen Copy number Price effective from Koha item type
    Dewey Decimal Classification     Virtual Virtual Online 23/05/2007   ONLINE PUBLICATION 138239-2001 06/08/2019 1 06/08/2019 Book